Whigs and hunters : the origin of the Black Act

Saved in:
Bibliographic Details
Main Author: Thompson, E. P. (Edward Palmer), 1924-1993
Format: Book
Language:English
Published: London : E. P. Thompson, 1990.
Subjects:
Tags: Add Tag
No Tags, Be the first to tag this record!

MARC

LEADER 00000cam a2200000 i 4500
001 1/3048
008 960308s1990 eng d
020 |a 0140124799 
035 |l 10015081 
040 |a GR-MyUa  |b gre  |e AACR2 
041 0 |a eng 
082 7 |a 328.420778  
100 1 |a Thompson, E. P.   |q (Edward Palmer),   |d 1924-1993. 
245 1 0 |a Whigs and hunters :   |b the origin of the Black Act /   |c E.P. Thompson. 
260 |a London :   |b E. P. Thompson,   |c 1990. 
300 |a 311 σ. :   |b εικ., χάρτ. ;   |c 20 εκ. 
610 1 0 |a Great Britain.   |k Laws, statutes, etc.   |t Black act, 1723. 
650 0 |a Forestry law and legislation  |z Great Britain  |x Criminal provisions. 
852 |a INST  |b LESVOS  |e 19960308  |h 328.420778 ΤΗΟ  |p 005100006959  |q 005100006959  |t BK  |y 0 
922 |a 1ΕΛΗ  |b 199105  |c ΠΠ/1010